000 00260nam a2200121Ia 4500
100 _aNelson/ R.P.
942 _cBK
654 _aMicrosofts
245 _aMicrosoft''''s 80386/80486
260 _bMicrosoft
_aWashington
_c1991
546 _aENGLISH
999 _c22070
_d22070